Pháp luật về ứng phó biến đổi khí hậu Luận văn thạc sĩ Luật kinh tế. Chuyên ngành: Luật kinh tế. Mã ngành: 60380107

Saved in:
Bibliographic Details
Main Author: Trần, Văn Tuấn Em
Corporate Authors: Ủy ban Nhân dân tỉnh Trà Vinh, Trường Đại học Trà Vinh
Other Authors: Trần Văn Tuấn Em; Phạm Văn Võ
Language:Undetermined
Published: Trà Vinh Trường Đại học Trà Vinh 2017
Subjects:
Tags: Add Tag
No Tags, Be the first to tag this record!
Institutions: Trung tâm Học liệu Trường Đại học Trà Vinh
LEADER 00963nam a2200277Ia 4500
001 TVU_26021
008 210423s9999 xx 000 0 und d
041 |a Vie 
082 |a 344.597046 
082 |b E202 
100 |a Trần, Văn Tuấn Em 
245 0 |a Pháp luật về ứng phó biến đổi khí hậu 
245 0 |b Luận văn thạc sĩ Luật kinh tế. Chuyên ngành: Luật kinh tế. Mã ngành: 60380107 
245 0 |c Trần Văn Tuấn Em ; Phạm Văn Võ (hướng dẫn khoa học) 
260 |a Trà Vinh 
260 |b Trường Đại học Trà Vinh 
260 |c 2017 
300 |a 74 tr. 
300 |c 27 cm 
504 |a Thư mục: tr.70-74 
650 |a Pháp luật 
700 |a Trần Văn Tuấn Em; Phạm Văn Võ  
700 |e người hướng dẫn khoa học 
710 |a Ủy ban Nhân dân tỉnh Trà Vinh 
710 |b Trường Đại học Trà Vinh 
980 |a Trung tâm Học liệu Trường Đại học Trà Vinh